000 00353pab a2200157 454500
008 180718b2002 xxu||||| |||| 00| 0 eng d
100 _aElliott, John
245 _aInternationalising the media
260 _c2002
300 _ap.15.
362 _a28 Jun
650 _aPress
650 _aMass media
773 _aBusiness Standard
909 _a54295
999 _c54295
_d54295